They spoke with God : (Record no. 66569)

MARC details
000 -LEADER
fixed length control field 00839nam a22002297a 4500
005 - DATE AND TIME OF LATEST TRANSACTION
control field 20120514114656.0
008 - FIXED-LENGTH DATA ELEMENTS--GENERAL INFORMATION
fixed length control field 120514t xxu||||| |||| 00| 0 eng d
010 ## - LCCN (DPL NO)
LC control number ENG-105258
020 ## - INTERNATIONAL STANDARD BOOK NUMBER
International Standard Book Number 9788124605363
Terms of availability 180.00
020 ## - INTERNATIONAL STANDARD BOOK NUMBER
International Standard Book Number 812460536x
Terms of availability 180.00
035 ## - SYSTEM CONTROL NUMBER
System control number EN-88791
037 ## - SOURCE OF ACQUISITION
Source of stock number/acquisition DBAD/PUB
040 ## - CATALOGING SOURCE
Original cataloging agency DPL
Language of cataloging Eng
082 ## - DEWEY DECIMAL CLASSIFICATION NUMBER
Classification number 230.35
100 ## - MAIN ENTRY--PERSONAL NAME
9 (RLIN) 46773
Personal name Ramaswamy, Sethu
245 ## - TITLE STATEMENT
Title They spoke with God :
Statement of responsibility, etc by Sethu Ramaswamy
Remainder of title saints of Tamizhaham /
260 ## - PUBLICATION, DISTRIBUTION, ETC. (IMPRINT)
Place of publication, distribution, etc New Delhi
Name of publisher, distributor, etc D.K. Printworld
Date of publication, distribution, etc 2009
270 ## - ADDRESS
Address 'Srikunj', F-52, Bali Nagar, Ramesh Nagar Metro Station
City New Delhi
Postal code 15
300 ## - PHYSICAL DESCRIPTION
Extent xii,160p.
Dimensions 22cm(pbk)
942 ## - ADDED ENTRY ELEMENTS (KOHA)
Source of classification or shelving scheme Dewey Decimal Classification
Item type English Books
Classification part 230.35
Call number suffix RAM
Holdings
Withdrawn status Lost status Source of classification or shelving scheme Damaged status Not for loan Collection code Home library Current library Date acquired Source of acquisition Cost, normal purchase price Total Checkouts Full call number Barcode Date last seen Copy number Cost, replacement price Koha item type
    Dewey Decimal Classification   Not For Loan Non-fiction D.B.Act.Division D.B.Act.Division 14/05/2012 DBAD/PUB 180.00   230.35 RAM EN-88791 14/05/2012 1 180.00 English Books

© Delhi Public Library
Hit Counter
free hit counter